The Hampton connection #2/ Vincent Lardo.
Available copies
- 1 of 1 copy available at LARL/NWRL Consortium.
Current holds
0 current holds with 1 total copy.
Show All Copies
| Location | Call Number / Copy Notes | Barcode | Shelving Location | Status | Due Date |
|---|---|---|---|---|---|
| Roseau Public Library | LAR (Text) | 35500003014006 | Main | Available | - |
Record details
- ISBN: 0399146318
- Physical Description: 292 p. ; 24 cm.
- Publisher: New York : G.P. Putnam's Sons, 2001.
Search for related items by subject
| Subject: | Hamptons (N.Y.) > Fiction. |
| Genre: | Mystery fiction. |
Search for related items by series
| LDR | 00826nam a22002658a 4500 | ||
|---|---|---|---|
| 001 | 35057 | ||
| 003 | LARL_NWRL_CONSORTIUM | ||
| 005 | 20001020163826.0 | ||
| 008 | 001017s2001 nyu 000 1 eng | ||
| 020 | . | ‡a0399146318 | |
| 035 | 0 | 0. | ‡ilcmarc/AZD-9290/NWRLTECH |
| 043 | . | ‡an-us-ny | |
| 082 | 0 | 0. | ‡a813/.54 ‡221 |
| 092 | . | ‡aLAR | |
| 100 | 1 | . | ‡aLardo, Vincent. ‡0(LARL_NWRL_CONSORTIUM)80385 |
| 245 | 1 | 4. | ‡aThe Hampton connection ‡n#2/ ‡cVincent Lardo. |
| 260 | . | ‡aNew York : ‡bG.P. Putnam's Sons, ‡c2001. | |
| 300 | . | ‡a292 p. ; ‡c24 cm. | |
| 490 | 0 | . | ‡aHampton ; ‡v2 |
| 651 | 0. | ‡aHamptons (N.Y.) ‡vFiction. | |
| 655 | 7. | ‡aMystery fiction. ‡2gsafd | |
| 901 | . | ‡a35057 ‡bISxN ‡c35057 ‡tbiblio | |

Add to basket
Permalink
Disable Highlighting